Statistics for Premier League Current Dream XI

Click here to take the quiz!

General Stats

  • This quiz has been taken 70 times
  • The average score is 5 of 11

Answer Stats

HintAnswer% Correct
GKDavid De Gea
95%
STHarry Kane
69%
RWEden Hazard
60%
CDMN'Golo Kante
45%
CBVincent Kompany
40%
LWBMarcos Alonso
38%
LWAlexis Sanchez
36%
CAMMesut Ozil
31%
CBJan Vertonghen
29%
RWBHector Bellerin
24%
CBLaurent Koscielny
13%

Score Distribution

Percentile by Number Answered

Percent of People with Each Score

Your Score History

You have not taken this quiz